Dictionnaire d'électronique et guide d'ondes (en six languages)
Đã lưu trong:
| 格式: | 圖書 |
|---|---|
| 語言: | Undetermined |
| 出版: |
Paris
Elsevier
1966
|
| 主題: | |
| 標簽: |
添加標簽
沒有標簽, 成為第一個標記此記錄!
|
| Thư viện lưu trữ: | Trung tâm Học liệu Trường Đại học Cần Thơ |
|---|
| LEADER | 00467nam a2200157Ia 4500 | ||
|---|---|---|---|
| 001 | CTU_26214 | ||
| 008 | 210402s9999 xx 000 0 und d | ||
| 082 | |a 537.03 | ||
| 082 | |b C614 | ||
| 245 | 0 | |a Dictionnaire d'électronique et guide d'ondes (en six languages) | |
| 260 | |a Paris | ||
| 260 | |b Elsevier | ||
| 260 | |c 1966 | ||
| 650 | |a electronics,physical science - dictionaries | ||
| 904 | |i Minh, 981012 | ||
| 980 | |a Trung tâm Học liệu Trường Đại học Cần Thơ | ||